[Event "29th North American Open"]
[Site "Las Vegas"]
[Date "2019.12.28"]
[Round "5.2"]
[White "Izoria, Zviad"]
[Black "Zhao, Ian"]
[Result "1/2-1/2"]
[WhiteElo "2599"]
[BlackElo "2320"]
[PlyCount "60"]
[EventDate "2019.12.??"]
[EventType "swiss"]
[EventRounds "9"]
[EventCountry "USA"]

1. c4 e5 2. Nc3 Nf6 3. g3 Bb4 4. e4 Nc6 5. Nge2 d6 6. Bg2 O-O 7. O-O a5 8. d3
Bc5 9. h3 Be6 10. Kh2 Nd7 11. f4 f6 12. g4 Nd4 13. Nxd4 Bxd4 14. Ne2 Bc5 15. b3
a4 16. Bb2 axb3 17. axb3 Rxa1 18. Bxa1 Bb4 19. d4 Qa8 20. dxe5 fxe5 21. f5 Bf7
22. Bc3 Qa5 23. Qa1 Bxc3 24. Nxc3 Qb4 25. Qa4 Qxc3 26. Qxd7 Qxb3 27. Qxc7 Bxc4
28. Rc1 b5 29. Qxd6 Qb2 30. Rd1 Qc2 1/2-1/2

[Event "29th North American Open"]
[Site "Las Vegas"]
[Date "2019.12.28"]
[Round "5.3"]
[White "Wang, Jason"]
[Black "Ruiz Castillo, Joshua Daniel"]
[Result "1/2-1/2"]
[WhiteElo "2317"]
[BlackElo "2497"]
[PlyCount "155"]
[EventDate "2019.12.??"]
[EventType "swiss"]
[EventRounds "9"]
[EventCountry "USA"]

1. d4 Nf6 2. c4 e6 3. Nf3 d5 4. Nc3 c5 5. cxd5 Nxd5 6. e4 Nxc3 7. bxc3 cxd4 8.
cxd4 Bb4+ 9. Bd2 Bxd2+ 10. Qxd2 O-O 11. Bc4 Nd7 12. O-O b6 13. Rfe1 Bb7 14. a4
Rc8 15. Bd3 a6 16. Qe2 Ra8 17. Rac1 Re8 18. Red1 Re7 19. Qd2 Nf6 20. Qf4 Rc8
21. Rxc8 Qxc8 22. Rc1 Qd8 23. h3 Rd7 24. Qe5 Ne8 25. Qf4 Rc7 26. Rxc7 Nxc7 27.
Qc1 Qd6 28. Qb2 h6 29. Ne5 b5 30. axb5 axb5 31. Nf3 b4 32. Nd2 Ba6 33. Nc4 Bxc4
34. Bxc4 Na8 35. g3 Nb6 36. Bb3 Nd7 37. Ba4 Nb6 38. Bb3 Qc6 39. Qd2 Qxe4 40.
Qxb4 Nd7 41. Qc3 Qb7 42. Ba4 Nf6 43. Bc6 Qc7 44. Qc5 Qb8 45. Bf3 g6 46. Kg2 Kg7
47. h4 Qb2 48. Qe5 Qd2 49. Qe3 Qxe3 50. fxe3 g5 51. hxg5 hxg5 52. g4 Kf8 53.
Kf2 Ke7 54. Ke2 Kd6 55. Kd3 e5 56. dxe5+ Kxe5 57. Ke2 Nd7 58. Kd3 Nc5+ 59. Kc4
Ne4 60. Kd3 Nd6 61. Ke2 Nc8 62. Kd3 Ne7 63. Be4 Ng8 64. Bf3 Nh6 65. Kc3 f6 66.
Kd3 Nf7 67. Kc4 Nd6+ 68. Kd3 Nc8 69. Kc4 Ne7 70. Kc3 Ng6 71. Kd3 Nh8 72. Kc4
Nf7 73. Kd3 Nd6 74. Ke2 f5 75. gxf5 Nxf5 76. Kf2 g4 77. Bxg4 Nxe3 78. Kxe3
1/2-1/2

[Event "29th North American Open"]
[Site "Las Vegas"]
[Date "2019.12.28"]
[Round "5.4"]
[White "Liang, Jason"]
[Black "Paragua, Mark"]
[Result "1-0"]
[WhiteElo "2296"]
[BlackElo "2513"]
[PlyCount "174"]
[EventDate "2019.12.??"]
[EventType "swiss"]
[EventRounds "9"]
[EventCountry "USA"]

1. e4 c5 2. Nf3 d6 3. d4 cxd4 4. Nxd4 Nf6 5. f3 e5 6. Nb3 Be6 7. c4 a5 8. Be3
a4 9. N3d2 Be7 10. Be2 Qa5 11. Na3 O-O 12. Nb5 Bd8 13. Nxd6 Be7 14. Nb5 Rd8 15.
a3 Nc6 16. Qc2 Rac8 17. Rc1 Nd4 18. Bxd4 exd4 19. Bd3 Nd7 20. f4 Nc5 21. O-O
Nxd3 22. Qxd3 Bxc4 23. Rxc4 Qxb5 24. Rb1 Rxc4 25. Nxc4 Rc8 26. Ne5 Qb3 27. Qxb3
axb3 28. Nd3 Rc2 29. Nc1 g5 30. Nxb3 gxf4 31. Kf1 d3 32. Nd4 Rc4 33. Nf5 Bf6
34. Rd1 Bxb2 35. Rxd3 h5 36. Rb3 Be5 37. Rxb7 Rxe4 38. Nh6+ Kf8 39. Rxf7+ Ke8
40. Rf5 Bd6 41. Rxh5 Bxa3 42. Ng4 Kf7 43. Kf2 Bd6 44. Rd5 Ke6 45. Rd3 Be7 46.
Kf3 Ra4 47. Rb3 Rc4 48. Nf2 Bd6 49. Ne4 Be5 50. Rb6+ Kf5 51. Rh6 Rc1 52. Rh5+
Ke6 53. Ng5+ Ke7 54. Ke4 Bd6 55. Nf3 Rc4+ 56. Kf5 Rc5+ 57. Kg6 Rc8 58. Rg5 Rg8+
59. Kf5 Rf8+ 60. Kg4 Ra8 61. h4 Kf7 62. h5 Ra2 63. Kh3 Ra1 64. Rg6 Bf8 65. Kg4
Rh1 66. Ng5+ Ke8 67. Nh3 Kf7 68. Nxf4 Be7 69. Kf5 Ra1 70. Re6 Ra5+ 71. Re5 Ra6
72. Nd5 Bd8 73. g4 Ra1 74. Nf4 Bc7 75. Rc5 Bd6 76. Rd5 Ke7 77. Ng6+ Kd7 78. Kf6
Rf1+ 79. Rf5 Rh1 80. Kg7 Ba3 81. Rb5 Bc1 82. Ne5+ Ke6 83. Nd3 Bd2 84. Re5+ Kd6
85. Re2 Bc3+ 86. Kg6 Rh3 87. Nf2 Kd5 1-0

[Event "29th North American Open"]
[Site "Las Vegas"]
[Date "2019.12.28"]
[Round "5"]
[White "Niemann, Hans Moke"]
[Black "Lehmann, Spencer"]
[Result "1-0"]
[WhiteElo "2471"]
[BlackElo "2236"]
[PlyCount "57"]
[EventDate "2019.12.??"]
[EventType "swiss"]
[EventRounds "9"]
[EventCountry "USA"]

1. Nf3 d5 2. g3 Nf6 3. Bg2 c5 4. c4 d4 5. e3 e6 6. exd4 cxd4 7. O-O Nc6 8. d3
Bd6 9. Na3 O-O 10. Nc2 e5 11. b4 Re8 12. Re1 Bg4 13. h3 Bxf3 14. Bxf3 Qd7 15.
b5 Nb4 16. Bg2 h6 17. Nxb4 Bxb4 18. Bd2 Bxd2 19. Qxd2 Qc7 20. c5 e4 21. c6 e3
22. fxe3 dxe3 23. Rxe3 Rxe3 24. Qxe3 Re8 25. Qf4 Qb6+ 26. Qf2 Qxb5 27. cxb7
Qxd3 28. Rc1 Qa6 29. Qf5 1-0

[Event "29th North American Open"]
[Site "Las Vegas"]
[Date "2019.12.28"]
[Round "5"]
[White "Raptis, Nick"]
[Black "Aldama Degurnay, Dionisio"]
[Result "0-1"]
[WhiteElo "2232"]
[BlackElo "2411"]
[PlyCount "126"]
[EventDate "2019.12.??"]
[EventType "swiss"]
[EventRounds "9"]
[EventCountry "USA"]

1. d4 Nf6 2. c4 e6 3. Nf3 c5 4. g3 d5 5. Bg2 dxc4 6. O-O Nbd7 7. Nc3 Nd5 8. e4
Nxc3 9. bxc3 Be7 10. Qe2 a6 11. a4 O-O 12. a5 cxd4 13. cxd4 Nf6 14. Rd1 Bd7 15.
d5 exd5 16. exd5 Bc5 17. Qxc4 Rc8 18. Qb3 Ng4 19. Ra2 Bb5 20. Bf1 Bxf1 21. Kxf1
Re8 22. Bg5 Qd7 23. Kg2 h6 24. Bc1 Qf5 25. d6 Bxd6 26. Qxb7 Bc5 27. Bf4 Nxf2
28. Rxf2 Bxf2 29. Kxf2 Rc2+ 30. Rd2 Rxd2+ 31. Bxd2 Qd3 32. Qc6 Re2+ 33. Kg1 Re6
34. Qa8+ Kh7 35. Be1 Re3 36. Kg2 Re2+ 37. Kg1 Qe3+ 38. Kf1 Ra2 39. Bd2 Qd3+ 40.
Kg1 f5 41. Qc6 Ra1+ 42. Be1 Qe3+ 43. Kf1 Qd3+ 44. Kg1 Ra3 45. Nd2 Qe2 46. Qc1
Rxa5 47. Nf1 Ra2 48. Bd2 Qe4 49. Qc3 a5 50. Ne3 a4 51. Kf2 Qb1 52. Qa5 Qd3 53.
Ke1 a3 54. h4 Rb2 55. Qc3 Rb1+ 56. Kf2 Qxc3 57. Bxc3 f4 58. gxf4 a2 59. Kf3
a1=Q 60. Bxa1 Rxa1 61. f5 Kg8 62. Ng4 Rf1+ 63. Ke4 Rh1 0-1

[Event "29th North American Open"]
[Site "Las Vegas"]
[Date "2019.12.28"]
[Round "5"]
[White "Peng, Shunkai"]
[Black "Vijay, Keerthi K"]
[Result "1/2-1/2"]
[WhiteElo "2315"]
[BlackElo "2200"]
[PlyCount "26"]
[EventDate "2019.12.??"]
[EventType "swiss"]
[EventRounds "9"]
[EventCountry "USA"]

1. e4 d6 2. d4 Nc6 3. Nf3 Nf6 4. Nbd2 e5 5. Bb5 Bd7 6. dxe5 Nxe5 7. Bxd7+ Qxd7
8. O-O O-O-O 9. Re1 g6 10. Nb3 Bg7 11. Nxe5 dxe5 12. Qxd7+ Rxd7 13. Nc5 Rd4
1/2-1/2

[Event "29th North American Open"]
[Site "Las Vegas"]
[Date "2019.12.28"]
[Round "5"]
[White "Andrews, Todd"]
[Black "Aoshima, Mirai"]
[Result "0-1"]
[WhiteElo "2214"]
[BlackElo "2361"]
[PlyCount "100"]
[EventDate "2019.12.??"]
[EventType "swiss"]
[EventRounds "9"]
[EventCountry "USA"]

1. Nf3 Nf6 2. c4 c5 3. Nc3 Nc6 4. g3 e5 5. Bg2 d6 6. O-O Be7 7. e3 O-O 8. h3
Be6 9. b3 Qd7 10. Ng5 Bf5 11. e4 Bg6 12. d3 Nd4 13. Be3 Bh5 14. g4 Bg6 15. Nd5
Nxd5 16. cxd5 a5 17. Rb1 b5 18. f4 exf4 19. Bxf4 b4 20. Nf3 Nxf3+ 21. Qxf3 a4
22. Qg3 axb3 23. axb3 Ra2 24. h4 h5 25. gxh5 Bxh5 26. Bh3 Qd8 27. Bh6 Bf6 28.
Kh1 Be5 29. Bf4 Re8 30. Bxe5 Rxe5 31. Rf4 Kh8 32. Rg1 Qg8 33. Rf6 Qf8 34. Qf4
Ra8 35. Rf5 Rae8 36. Rgg5 Rxf5 37. Bxf5 g6 38. Bd7 Ra8 39. Rg1 Kg7 40. Bg4 Bxg4
41. Rxg4 Qe7 42. d4 cxd4 43. Qf2 Qe5 44. Rf4 f6 45. Rg4 d3 46. Kg2 Kf7 47. Qb6
d2 48. h5 d1=Q 49. Qb7+ Kf8 50. Qxa8+ Qe8 0-1

[Event "29th North American Open"]
[Site "Las Vegas"]
[Date "2019.12.28"]
[Round "5"]
[White "Wu, Derek"]
[Black "Kretchetov, Alexandre"]
[Result "1/2-1/2"]
[WhiteElo "2039"]
[BlackElo "2220"]
[PlyCount "36"]
[EventDate "2019.12.??"]
[EventType "swiss"]
[EventRounds "9"]
[EventCountry "USA"]

1. e4 e5 2. Nf3 Nc6 3. Bb5 g6 4. d4 exd4 5. Bg5 Be7 6. Bf4 Nf6 7. O-O O-O 8.
Re1 Nh5 9. Bh6 Re8 10. Nxd4 Bg5 11. Bxg5 Qxg5 12. Nc3 a6 13. Bf1 Nf6 14. g3 d6
15. Nxc6 bxc6 16. Bg2 Rb8 17. b3 h5 18. Qd4 c5 1/2-1/2

[Event "29th North American Open"]
[Site "Las Vegas"]
[Date "2019.12.28"]
[Round "5"]
[White "Botez, Alexandra"]
[Black "Ganesh, Anirudh"]
[Result "1/2-1/2"]
[WhiteElo "2062"]
[BlackElo "1722"]
[PlyCount "87"]
[EventDate "2019.12.??"]
[EventType "swiss"]
[EventRounds "9"]
[EventCountry "USA"]

1. d4 Nf6 2. c4 Nc6 3. Nc3 e5 4. d5 Ne7 5. e4 Ng6 6. Be3 Bb4 7. f3 O-O 8. Qd2
a5 9. a3 Bxc3 10. Qxc3 a4 11. Bd3 d6 12. Ne2 Nd7 13. O-O b6 14. Bc2 Nc5 15. g4
Qh4 16. Qe1 Qxe1 17. Raxe1 Ba6 18. Bxc5 bxc5 19. Bd3 Rfb8 20. Rb1 Rb7 21. Rfd1
Rab8 22. Rd2 Rb3 23. Kf2 Kf8 24. Kg3 Bc8 25. h4 Bd7 26. h5 Ne7 27. Nc1 R3b7 28.
Be2 Nc8 29. Nd3 f6 30. Rc1 Ke7 31. Kf2 Nb6 32. Rdd1 Na8 33. Rg1 h6 34. Ke3 Rb3
35. Kd2 R3b7 36. Bd1 Ra7 37. Bc2 Rab7 38. Kc3 Nb6 39. Ra1 Be8 40. Rgb1 Bd7 41.
Nf2 Nxc4 42. Nd3 Na5 43. Nc1 Be8 44. b4 1/2-1/2

[Event "29th North American Open"]
[Site "Las Vegas"]
[Date "2019.12.27"]
[Round "4.1"]
[White "Gabuzyan, Hovhannes"]
[Black "Costello, Alexander"]
[Result "1-0"]
[WhiteElo "2610"]
[BlackElo "2291"]
[PlyCount "51"]
[EventDate "2019.12.??"]
[EventType "swiss"]
[EventRounds "9"]
[EventCountry "USA"]

1. Nf3 Nf6 2. g3 b6 3. Bg2 Bb7 4. O-O g6 5. d3 d5 6. c4 Bg7 7. cxd5 Nxd5 8. e4
Nf6 9. Nc3 O-O 10. Re1 c5 11. d4 cxd4 12. Nxd4 e5 13. Ndb5 Nbd7 14. b3 a6 15.
Nd6 Qc7 16. Nxb7 Qxb7 17. Be3 Rac8 18. Rc1 Nc5 19. Nd5 Nxd5 20. exd5 Qe7 21. b4
Nb7 22. Rc6 b5 23. d6 Qd7 24. Rxa6 Ra8 25. Bc6 Qc8 26. d7 1-0

[Event "29th North American Open"]
[Site "Las Vegas"]
[Date "2019.12.27"]
[Round "4.3"]
[White "Lehmann, Spencer"]
[Black "Mitkov, Nikola"]
[Result "0-1"]
[WhiteElo "2236"]
[BlackElo "2508"]
[PlyCount "86"]
[EventDate "2019.12.??"]
[EventType "swiss"]
[EventRounds "9"]
[EventCountry "USA"]

1. d4 d5 2. c4 e6 3. Nc3 Bb4 4. a3 Bxc3+ 5. bxc3 c6 6. e3 Nf6 7. Nf3 b6 8. cxd5
cxd5 9. Bd3 O-O 10. Qe2 Bb7 11. O-O Qc8 12. a4 Ba6 13. Ba3 Bxd3 14. Qxd3 Re8
15. Nd2 Nc6 16. Qb5 Na5 17. Rfc1 Qd7 18. Bb4 Nc6 19. Ba3 e5 20. Nf3 Rac8 21.
Rd1 e4 22. Nd2 Na5 23. Bb4 Nc4 24. Nxc4 Rxc4 25. Qxd7 Nxd7 26. a5 b5 27. a6 f5
28. Ra5 Rb8 29. h3 Kf7 30. Rb1 Ke6 31. Rb3 g5 32. Kf1 Rb6 33. Ke2 Rcc6 34. Rba3
f4 35. Kd2 h5 36. Ra2 Rb8 37. Rb2 Nb6 38. Rba2 Nc4+ 39. Ke2 Nxa5 40. Rxa5 Kd7
41. Bc5 Rxc5 42. Ra2 Rc6 43. Ra5 Ke6 0-1

[Event "29th North American Open"]
[Site "Las Vegas"]
[Date "2019.12.27"]
[Round "4.4"]
[White "Zhao, Ian"]
[Black "Andrews, Todd"]
[Result "0-1"]
[WhiteElo "2320"]
[BlackElo "2214"]
[PlyCount "127"]
[EventDate "2019.12.??"]
[EventType "swiss"]
[EventRounds "9"]
[EventCountry "USA"]

1. e4 e6 2. d4 d5 3. Nd2 Nf6 4. e5 Nfd7 5. Bd3 c5 6. c3 Nc6 7. Ne2 cxd4 8. cxd4
f6 9. exf6 Nxf6 10. Nf3 Qc7 11. O-O Bd6 12. h3 O-O 13. Re1 a6 14. Be3 Nh5 15.
Qc2 h6 16. Bg6 Rxf3 17. gxf3 Nf6 18. Rac1 Qe7 19. Kg2 Bd7 20. f4 Rf8 21. Ng3
Ne8 22. Nh5 Qh4 23. f3 e5 24. dxe5 Qxh3+ 25. Kg1 Bxe5 26. Qg2 Qxg2+ 27. Kxg2
Bxb2 28. Rb1 Bc3 29. Rec1 d4 30. Rxb7 Bc8 31. Rbb1 Bf5 32. Bxf5 Rxf5 33. Ng3
Ra5 34. Bxd4 Rxa2+ 35. Bf2 Bd4 36. Rxc6 Rxf2+ 37. Kh3 Nf6 38. Rf1 Rxf1 39. Nxf1
a5 40. Ra6 Bc3 41. Ne3 Kh7 42. f5 h5 43. Nc4 Nd5 44. Kh4 Ne7 45. Kxh5 Nxf5 46.
Nxa5 Bf6 47. Nc4 Nh6 48. Ra7 Nf5 49. Kg4 Kg6 50. Ra6 Nh6+ 51. Kf4 Nf7 52. Ke3
Nh6 53. Ke4 Kg5 54. f4+ Kg6 55. Ne5+ Kh7 56. Ra7 Ng8 57. Kf5 Ne7+ 58. Ke6 Ng6
59. Nxg6 Kxg6 60. Ra2 Bc3 61. Rg2+ Kh5 62. f5 Kh6 63. Kf7 Be5 64. Kg8 0-1

[Event "29th North American Open"]
[Site "Las Vegas"]
[Date "2019.12.27"]
[Round "4"]
[White "Paragua, Mark"]
[Black "Narkeeran, Madhavan"]
[Result "1-0"]
[WhiteElo "2513"]
[BlackElo "1962"]
[PlyCount "55"]
[EventDate "2019.12.??"]
[EventType "swiss"]
[EventRounds "9"]
[EventCountry "USA"]

1. Nf3 e6 2. g3 f5 3. Bg2 Nf6 4. O-O Be7 5. c4 O-O 6. Nc3 d6 7. d4 a5 8. Qc2
Nc6 9. a3 e5 10. d5 Nb8 11. Ng5 Ne8 12. Ne6 Bxe6 13. dxe6 c6 14. Bh3 g6 15. Bh6
Ng7 16. e4 f4 17. gxf4 exf4 18. Rad1 Bg5 19. Bxg7 Kxg7 20. e5 Be7 21. exd6 Bxd6
22. Ne4 Qh4 23. Qc3+ Kg8 24. Rxd6 f3 25. e7 Nd7 26. exf8=Q+ Rxf8 27. Be6+ Rf7
28. Bxf7+ 1-0

[Event "29th North American Open"]
[Site "Las Vegas"]
[Date "2019.12.28"]
[Round "4"]
[White "Arias Gaviria, Mario Alexis"]
[Black "Niemann, Hans Moke"]
[Result "0-1"]
[WhiteElo "2232"]
[BlackElo "2471"]
[PlyCount "139"]
[EventDate "2019.12.??"]
[EventType "swiss"]
[EventRounds "9"]
[EventCountry "USA"]

1. e4 c5 2. Nf3 Nc6 3. Bb5 e6 4. O-O Nge7 5. Re1 a6 6. Bf1 d5 7. exd5 Nxd5 8.
d4 Nf6 9. Be3 cxd4 10. Nxd4 Bd7 11. Nd2 Be7 12. N4b3 O-O 13. Bc5 Qc7 14. Ne4
Nxe4 15. Rxe4 Rad8 16. Qh5 Bxc5 17. Qxc5 Bc8 18. Rae1 f5 19. Rd4 e5 20. Rxd8
Rxd8 21. Bc4+ Kh8 22. Bd5 Bd7 23. f4 e4 24. Bxc6 Bxc6 25. Nd4 Qxf4 26. Nxc6
bxc6 27. Rf1 Qb8 28. Rxf5 h6 29. b3 Re8 30. Rf7 e3 31. Qd4 Re5 32. Kf1 Kg8 33.
Rf3 e2+ 34. Ke1 Rd5 35. Qf4 Qb5 36. Qf8+ Kh7 37. c4 Qa5+ 38. b4 Qa4 39. Rb3 Re5
40. Qd6 Re8 41. Rg3 Kh8 42. Qd2 c5 43. bxc5 Qxc4 44. Re3 Rf8 45. Rxe2 Qxc5 46.
Rf2 Rb8 47. g3 Qc6 48. Qd3 Qh1+ 49. Kd2 Rb2+ 50. Ke3 Rxf2 51. Qd8+ Kh7 52. Qd3+
Kg8 53. Kxf2 Qxh2+ 54. Kf3 Qxa2 55. Qd8+ Kh7 56. Qd3+ Kh8 57. Qd8+ Qg8 58. Qa5
Qe6 59. Qd8+ Kh7 60. Qd3+ Qg6 61. Qd5 Qc2 62. Kg4 Qc8+ 63. Kf3 Kh8 64. Kg2 Qc2+
65. Kh3 Kh7 66. Kg4 Qg6+ 67. Kf3 h5 68. Kf2 Kh6 69. Qd2+ Qg5 70. Qd6+ 0-1

[Event "29th North American Open"]
[Site "Las Vegas"]
[Date "2019.12.27"]
[Round "4"]
[White "Katz, Alexander"]
[Black "Wu, Logan"]
[Result "1-0"]
[WhiteElo "2404"]
[BlackElo "2155"]
[PlyCount "45"]
[EventDate "2019.12.??"]
[EventType "swiss"]
[EventRounds "9"]
[EventCountry "USA"]

1. e4 c5 2. c3 d5 3. exd5 Qxd5 4. Nf3 Nc6 5. d4 cxd4 6. cxd4 e5 7. Nc3 Bb4 8.
Be2 e4 9. O-O Bxc3 10. bxc3 exf3 11. Bxf3 Qf5 12. Re1+ Nge7 13. d5 O-O 14. dxc6
Nxc6 15. Ba3 Be6 16. Bxf8 Rxf8 17. Rb1 Bc8 18. Bxc6 bxc6 19. Qd6 c5 20. Rb8 g6
21. h3 Qg5 22. Re3 c4 23. Qc7 1-0

[Event "29th North American Open"]
[Site "Las Vegas"]
[Date "2019.12.28"]
[Round "4"]
[White "Kretchetov, Alexandre"]
[Black "Bachin, Vitaly"]
[Result "1/2-1/2"]
[WhiteElo "2220"]
[BlackElo "2388"]
[PlyCount "79"]
[EventDate "2019.12.??"]
[EventType "swiss"]
[EventRounds "9"]
[EventCountry "USA"]

1. Nf3 d6 2. d4 Bg4 3. e4 Nf6 4. Bd3 Nc6 5. c3 e5 6. d5 Ne7 7. h3 Bd7 8. c4 g6
9. Nc3 Bg7 10. Be3 O-O 11. g4 Kh8 12. Qd2 Nfg8 13. Ng1 c6 14. O-O-O f5 15. f3
a6 16. Kb1 c5 17. Nge2 f4 18. Bf2 Qe8 19. Nc1 b5 20. N3e2 Nc8 21. Qc2 Nb6 22.
Nb3 Rb8 23. Nd2 Na4 24. b3 Nb6 25. Rdg1 Rb7 26. Nc3 bxc4 27. Nxc4 Nxc4 28. Bxc4
a5 29. Ka1 Ne7 30. a4 Nc8 31. Be1 Nb6 32. Nb5 Qe7 33. Bc3 Rc8 34. Na3 Nxc4 35.
Nxc4 Bf8 36. Rb1 Kg8 37. Rb2 Ra8 38. h4 h6 39. h5 g5 40. Rhb1 1/2-1/2

[Event "29th North American Open"]
[Site "Las Vegas"]
[Date "2019.12.28"]
[Round "4"]
[White "Vijay, Keerthi K"]
[Black "Vibbert, Sean"]
[Result "1-0"]
[WhiteElo "2200"]
[BlackElo "2320"]
[PlyCount "133"]
[EventDate "2019.12.??"]
[EventType "swiss"]
[EventRounds "9"]
[EventCountry "USA"]

1. c4 e5 2. Nc3 Nc6 3. g3 g6 4. Bg2 Bg7 5. d3 d6 6. Bd2 Be6 7. Rc1 Qd7 8. Nd5
a5 9. e4 Nd4 10. h3 f5 11. Ne2 Nxe2 12. Qxe2 fxe4 13. dxe4 b6 14. O-O Ne7 15.
Kh2 O-O 16. Bc3 Nc6 17. f4 Rae8 18. Qd3 Rf7 19. Rf2 Ref8 20. Rcf1 h5 21. Ne3
Ne7 22. Nd5 h4 23. gxh4 Bxd5 24. exd5 Rxf4 25. Rxf4 Rxf4 26. Rxf4 exf4 27. Bxg7
Kxg7 28. Qd4+ Kg8 29. Qxf4 Qf5 30. Qxf5 Nxf5 31. Be4 Ne7 32. Kg3 Kg7 33. Kf4
Kf6 34. b3 Ng8 35. Bf3 Nh6 36. Bg4 Nf7 37. h5 g5+ 38. Kg3 Ne5 39. h4 a4 40. Be2
a3 41. hxg5+ Kxg5 42. Kf2 Nd7 43. b4 b5 44. Ke3 bxc4 45. Kd4 Nb6 46. Bf3 Nd7
47. b5 Ne5 48. Be2 Nd3 49. Kc3 Nf4 50. Bxc4 Nxh5 51. Kb4 Kf6 52. Kxa3 Ke7 53.
Kb4 Nf6 54. b6 cxb6 55. Kb5 Nd7 56. Bf1 Nc5 57. Kxb6 Kf6 58. Bb5 Ke5 59. Bc6
Kd4 60. Kc7 Ke5 61. a3 Na6+ 62. Kb6 Nc5 63. Kb5 Ne4 64. a4 Nc3+ 65. Kc4 Ne4 66.
a5 Nc5 67. Kb5 1-0

[Event "29th North American Open"]
[Site "Las Vegas"]
[Date "2019.12.27"]
[Round "4"]
[White "Aoshima, Mirai"]
[Black "Krishnakumar, Sriram"]
[Result "1-0"]
[WhiteElo "2361"]
[BlackElo "2079"]
[PlyCount "59"]
[EventDate "2019.12.??"]
[EventType "swiss"]
[EventRounds "9"]
[EventCountry "USA"]

1. d4 d5 2. Nf3 Nf6 3. c4 c6 4. Nc3 e6 5. e3 Nbd7 6. Bd3 dxc4 7. Bxc4 b5 8. Bd3
a6 9. e4 c5 10. d5 c4 11. Bc2 Qc7 12. O-O Bb7 13. Nd4 Nc5 14. Qe2 O-O-O 15. b4
cxb3 16. axb3 exd5 17. exd5 Bd6 18. Bf5+ Kb8 19. Be3 Bxh2+ 20. Kh1 Bd6 21. b4
Nxd5 22. Nxd5 Bxd5 23. bxc5 Bxc5 24. Rxa6 Bxd4 25. Bxd4 Bxg2+ 26. Kxg2 Qb7+ 27.
Be4 Qxa6 28. Be5+ Kc8 29. Rc1+ Kd7 30. Bf5+ 1-0

[Event "29th North American Open"]
[Site "Las Vegas"]
[Date "2019.12.28"]
[Round "4"]
[White "Felecan, Florin"]
[Black "Chen, Alex"]
[Result "1-0"]
[WhiteElo "2336"]
[BlackElo "2064"]
[PlyCount "111"]
[EventDate "2019.12.??"]
[EventType "swiss"]
[EventRounds "9"]
[EventCountry "USA"]

1. c4 Nf6 2. g3 e6 3. Bg2 d5 4. Nf3 dxc4 5. O-O Nc6 6. Qa4 Qd5 7. Ne1 Qc5 8. d4
cxd3 9. Nxd3 Qd6 10. Nc3 Qd8 11. Ne5 Bd7 12. Nxc6 bxc6 13. Bxc6 Bd6 14. Bg5 O-O
15. Bxf6 Bxc6 16. Bxd8 Bxa4 17. Bxc7 Bxc7 18. Nxa4 Be5 19. Rac1 Rac8 20. Rfd1
g5 21. b3 Kg7 22. Nc5 Bb2 23. Rc4 Ba3 24. Ne4 Rxc4 25. bxc4 Kg6 26. Rd3 Bb4 27.
a3 Be7 28. Rd7 Bxa3 29. Rxa7 Bb4 30. Rb7 Ba3 31. Rc7 Rd8 32. Kg2 Rd1 33. e3 Bb4
34. Rb7 Ba3 35. Rb8 h6 36. g4 Kg7 37. Ng3 Rc1 38. Rc8 Rc2 39. h3 Bb4 40. Ne4
Be1 41. Kf1 Bb4 42. Ng3 Bd6 43. Ne2 Kf6 44. Nd4 Rb2 45. c5 Be5 46. Nf3 Bc3 47.
c6 Ba5 48. Rh8 Kg7 49. Ra8 Bc7 50. Ra7 Bd6 51. Rd7 Ba3 52. c7 Rc2 53. Nd4 Rc1+
54. Kg2 Bb4 55. Nxe6+ Kf6 56. Rd8 1-0

[Event "29th North American Open"]
[Site "Las Vegas"]
[Date "2019.12.28"]
[Round "4"]
[White "McCambridge, Vincent"]
[Black "Botez, Alexandra"]
[Result "1-0"]
[WhiteElo "2312"]
[BlackElo "2062"]
[PlyCount "67"]
[EventDate "2019.12.??"]
[EventType "swiss"]
[EventRounds "9"]
[EventCountry "USA"]

1. c4 Nf6 2. Nf3 g6 3. Nc3 c5 4. g3 Nc6 5. Bg2 Bg7 6. O-O O-O 7. d4 cxd4 8.
Nxd4 Qb6 9. Nc2 d6 10. b3 Bf5 11. e4 Bg4 12. Qd2 Nd7 13. Bb2 Qa5 14. h3 Be6 15.
Rad1 a6 16. f4 Nb6 17. Ne3 Bd4 18. Kh2 Qc5 19. Rfe1 Bg7 20. Ncd5 Bxb2 21. Qxb2
Nc8 22. b4 Qa7 23. Ng4 Bxg4 24. hxg4 b5 25. e5 Rb8 26. exd6 Nxd6 27. Rxe7 Nxc4
28. Qf6 Rb7 29. Rxb7 Qxb7 30. Re1 h6 31. Ne7+ Kh7 32. Nxc6 Qc8 33. f5 g5 34.
Re7 1-0

[Event "29th North American Open"]
[Site "Las Vegas"]
[Date "2019.12.28"]
[Round "4"]
[White "Sun, Rick"]
[Black "Findlay, Ian T"]
[Result "1/2-1/2"]
[WhiteElo "2041"]
[BlackElo "2201"]
[PlyCount "70"]
[EventDate "2019.12.??"]
[EventType "swiss"]
[EventRounds "9"]
[EventCountry "USA"]

1. d4 Nf6 2. Bf4 e6 3. e3 d5 4. Nf3 Bd6 5. c3 O-O 6. Bd3 c5 7. O-O Nc6 8. dxc5
Bxc5 9. Nbd2 Qe7 10. e4 e5 11. Bg3 d4 12. cxd4 Bxd4 13. Nxd4 Nxd4 14. Nc4 Nc6
15. Ne3 Rd8 16. Nd5 Nxd5 17. exd5 Nb4 18. Bc4 Nxd5 19. Bxd5 Be6 20. Bxe6 Rxd1
21. Bxf7+ Qxf7 22. Rfxd1 Re8 23. Re1 Qd5 24. a3 e4 25. Re2 Rc8 26. Rae1 Rc4 27.
h3 h6 28. Bf4 a5 29. Be3 b5 30. Rd2 Qc6 31. Red1 Qb7 32. Rd7 Rc7 33. R7d4 Rc2
34. Rd7 Rc7 35. R7d4 Rc2 1/2-1/2

[Event "29th North American Open"]
[Site "Las Vegas"]
[Date "2019.12.27"]
[Round "3.1"]
[White "Tarrago Antoni, Maurici"]
[Black "Gabuzyan, Hovhannes"]
[Result "0-1"]
[WhiteElo "2235"]
[BlackElo "2610"]
[PlyCount "108"]
[EventDate "2019.12.??"]
[EventType "swiss"]
[EventRounds "9"]
[EventCountry "USA"]

1. Nf3 g6 2. c4 Bg7 3. g3 e5 4. Nc3 Nc6 5. Bg2 Nge7 6. O-O d6 7. Rb1 a5 8. a3
Be6 9. d3 h6 10. b4 axb4 11. axb4 Qd7 12. b5 Nd8 13. Nd2 Bh3 14. Nd5 Nxd5 15.
cxd5 h5 16. f3 Bxg2 17. Kxg2 h4 18. g4 h3+ 19. Kh1 O-O 20. Nc4 b6 21. Qc2 Nb7
22. Be3 Ra7 23. Rfc1 Nc5 24. Bxc5 dxc5 25. d6 Bh6 26. g5 Bxg5 27. Rg1 Bf6 28.
Qb3 Kg7 29. dxc7 Qxc7 30. Ne3 Rfa8 31. Qd5 Ra2 32. Rg3 Ra1 33. Rbg1 e4 34. fxe4
Qf4 35. Nf5+ Kf8 36. Qd6+ Qxd6 37. Nxd6 Be5 38. Nc4 Bxg3 39. hxg3 Rxg1+ 40.
Kxg1 Ra1+ 41. Kh2 Rb1 42. Nxb6 Rxb5 43. Nc4 Rb1 44. Kxh3 Re1 45. e3 Rd1 46. Ne5
Kg7 47. Kg2 f6 48. Nc4 Rxd3 49. Kf3 Rc3 50. Nb6 Rb3 51. Nd5 c4 52. e5 fxe5 53.
Ke4 Kf7 54. g4 Ke6 0-1

[Event "29th North American Open"]
[Site "Las Vegas"]
[Date "2019.12.27"]
[Round "3.2"]
[White "Izoria, Zviad"]
[Black "Vijay, Keerthi K"]
[Result "1-0"]
[WhiteElo "2599"]
[BlackElo "2200"]
[PlyCount "68"]
[EventDate "2019.12.??"]
[EventType "swiss"]
[EventRounds "9"]
[EventCountry "USA"]

1. Nf3 d6 2. d4 Nc6 3. c4 Nf6 4. Nc3 g6 5. d5 Nb8 6. h3 Bg7 7. e4 e5 8. Bg5 h6
9. Be3 Nh5 10. g3 O-O 11. Nh2 Kh7 12. Be2 Nf6 13. g4 Ng8 14. Qd2 g5 15. h4 Kg6
16. O-O-O f6 17. Nf1 Ne7 18. Ng3 Kf7 19. Nf5 Rh8 20. c5 Ng6 21. c6 b6 22. b4 a6
23. a4 Bxf5 24. gxf5 Nf4 25. Bxf4 exf4 26. Bh5+ Kg8 27. Ne2 Qe7 28. Nd4 Qe5 29.
f3 Ra7 30. Kb1 Bf8 31. Bg6 g4 32. Ne6 h5 33. Rc1 g3 34. Qxf4 Ra8 1-0